Vývojové štádiá vybraných vznikajúcich technológií v rokoch 2000 - 2017

Vývoj a posun vybraných noviniek po grafe Hype Cycle v rokoch 2000 – 2017. Rozdelenie podľa technológií, ktoré sú ešte stále vo vývoji (kvantové počítače). Novinky prijaté spotrebiteľmi a v stabilnej produkcii (3D tlač) a novinky prítomné v iných technológiách (Big Data).

Na minha lista:
Detalhes bibliográficos
Autor principal: Grisáková, Nora, 1978-
Outros Autores: Kintler, Jakub, 1979-, Štetka, Peter, 1986-
Formato: Capítulo de Livro
Idioma:eslovaco
Assuntos:
Tags: Adicionar Tag
Sem tags, seja o primeiro a adicionar uma tag!

MARC

LEADER 00000nla a2200000 4500
001 0240118
005 20240524071344.7
041 0 |a slo 
044 |a SK 
245 1 0 |a Vývojové štádiá vybraných vznikajúcich technológií v rokoch 2000 - 2017  |c Nora Grisáková, Jakub Kintler, Peter Štetka 
520 |a Vývoj a posun vybraných noviniek po grafe Hype Cycle v rokoch 2000 – 2017. Rozdelenie podľa technológií, ktoré sú ešte stále vo vývoji (kvantové počítače). Novinky prijaté spotrebiteľmi a v stabilnej produkcii (3D tlač) a novinky prítomné v iných technológiách (Big Data). 
610 2 0 |a technológie informačné 
610 2 0 |a technológie komunikačné 
610 2 0 |a inovácia 
610 2 0 |a technika výpočtová 
610 2 0 |a technika digitálna 
100 1 |a Grisáková, Nora, 1978- 
700 1 |a Kintler, Jakub, 1979- 
700 1 |a Štetka, Peter, 1986-